00410nam a22001457a 4500010001500000020002600015035001400041037001300055082001700068100001800085245005900103260003600162270004200198300002400240 aENG-118086 a9789382623335c600.00 aEN-101618 bDBAD/PUB a305.51220954 aSarkar, Badal aAmbedkar's vision of 'just society' /cby Badal Sarkar aKolkatabTandrita Chandrac2014 a59/5A,Garfa Main Road, Kolkata 700075 axii,244p.c22cm(Hb)